00334nam a2200121Ia 4500008004100000040001700041041001200058082001700070100001800087245007100105260002400176300001200200230917s9999||||xx |||||||||||||| ||und|| e104100aMAIN aEnglish a361.77 F526N aFisher, Julie 0aNon governmenet: NGOS and political development of the third world aJaipurbRawatc2003 a234p p.